000 00658nam a2200241Ia 4500
003 OSt
005 20221007062342.0
006 a|||||r|||| 00| 0
007 ta
008 221006b |||||||| |||| 00| 0 eng d
020 _cRs.695/-
024 _a9,899
037 _cReference Collections
040 _aFLL
_cFLL
_beng
041 _2eng
_aeng
082 _aZ2,25, N8
100 _aKatiyar's B.B. Au.
_9682680
245 0 _aLaw of easements and licences
260 _aAllahabad
_bLaw book company Delhi
_c1998
300 _a872p
_ccm.
942 _hZ2,25, N8
_cREF
_2CC
999 _c1128386
_d1128386